| 000 | 00970nam a2200277 a 4500 | ||
|---|---|---|---|
| 005 | 20200104041510.0 | ||
| 008 | 140220b1997 nyubd |r|||| 00| 0 eng d | ||
| 020 | _a156973223X | ||
| 040 |
_aCO-BoIAVH _cCO-BoIAVH |
||
| 041 | 0 | _aspa | |
| 044 | _axxu | ||
| 082 | 0 | 4 |
_a634.9 _bB91u |
| 100 | 1 | _aBryant, Dirk | |
| 245 | 1 | 3 |
_aLas ultimas fronteras forestales _becosistemas y economías en el límite / _cDirk Bryant, Daniel Nielsen y Laura Tangley |
| 260 |
_aNueva York : _bWorld Conservation Montoring Center y World Wildlife Fund ; _c1997. |
||
| 300 |
_a42 páginas : _bmapas, tablas ; _c28 x 22 cm. |
||
| 650 | 6 | _aEcología forestal | |
| 650 | 4 | _aEcosistemas forestales | |
| 650 | 6 | _aRestauración ecológica | |
| 650 | 6 | _aDesarrollo sostenible | |
| 650 | 6 | _aImpacto ambiental | |
| 700 | 1 | _aTangley, Laura | |
| 700 | 1 | _aNielsen, Daniel | |
| 710 | 2 | _aInstituto de Recursos Mundiales | |
| 942 |
_cLIBRO _2ddc |
||
| 999 |
_c375 _d375 |
||